| 000 | 00629nam a2200169 a 4500 | ||
|---|---|---|---|
| 008 | 120416s1959 ||||||||||||||||| || u | ||
| 050 | _aQE 501 Jef | ||
| 100 | _aJeffreys, Harold | ||
| 245 | 1 | 4 | _aThe earth |
| 246 | _aits origin, history and physical construction | ||
| 250 | _a4th ed. | ||
| 260 |
_aCambridge _bCambridge University Press _c1959 |
||
| 300 | _axvi, 420p. : ill | ||
| 350 | _a0.00 | ||
| 650 | _aEARTH--ORIGIN, HISTORY,PHYSICAL CONSTRUCTION | ||
| 995 |
_D0.00 _FCBU-MAIN LIBRARY (Kitwe) _H1 _I0.00 _M1 _UAVAILABLE _WMar 16, 2007 _ZAnnex Low-Usage Collection |
||
| 999 |
_c40617 _d40617 |
||